| 000 | 01113nac a22003257a 4500 | ||
|---|---|---|---|
| 001 | BR8202567 | ||
| 003 | BR-BrBNA | ||
| 005 | 20240105115316.0 | ||
| 008 | 230509b bl.|||m| |||| 00| 0 por d | ||
| 040 |
_aBR-BrBNA _bpor _cBiblioteca Nacional de Agricultura |
||
| 072 | _aF22; F25 | ||
| 090 | _a0810 BR8202567 | ||
| 100 | 1 | _aChoudhury, E.N. | |
| 100 | 1 | _aFaria, C.M.B. de | |
| 110 | 1 | _aCentro de Pesquisa Agropecuaria do Tropico Semi-Arido, Petrolina, PE (Brasil) | |
| 245 | 1 | _aInfluencia da vermiculita a producao e melao e intervalo de irrigacao no Tropico Semi-Arido no Nordeste [Brasil] | |
| 260 | 3 |
_aPetrolina, PE (Brasil): _c1982. |
|
| 300 | _a20 p. | ||
| 490 |
_aBoletim de Pesquisa - Centro de Pesquisa Agropecuaria do Tropico Semi-Arido (Brazil) _vno. 18 _xISSN 0100-8951 |
||
| 500 | _a19 ref.; Summaries (En, Pt) | ||
| 650 | _aMELAO | ||
| 650 | _aVERMICULITA | ||
| 650 | _aCORRETIVO | ||
| 650 | _aIRRIGACAO | ||
| 650 | _aCAPACIDADE DE TROCA | ||
| 650 | _aZONA SEMI-ARIDA | ||
| 650 | _aREGIAO NORDESTE | ||
| 909 |
_a202312 _bLúcia Elande _c55 _dLúcia Elande |
||
| 942 |
_2AGRIS _n0 _cMS |
||
| 999 |
_c274200 _d274200 |
||